[Event "Ch Serbia"]
[Site "masterchessopen.com - Mataruska Banja (Serbia)"]
[Date "2008.03.19"]
[Round "5"]
[White "Markus Robert (SRB)"]
[Black "Velickovic Sasa (SRB)"]
[Result "1-0"]
[WhiteElo "2616"]
[BlackElo "2410"]

{ } 1.d4 Nf6 2.c4 c5 3.d5 g6 4.Nc3 Bg7 5.e4 d6 6.Nf3 O-O 7.Be2 e6 8.Nd2 { ? }
( 8.O-O exd5 9.cxd5 a6 10.a4 Bg4 11.Nd2 Bxe2 12.Qxe2 Nbd7 13.Nc4 Nb6 14.Ne3
Re8 15.Qc2 Rb8 16.Bd2 Nbd7 17.a5 Nh5 18.Ra3 Qh4 19.g3 Qh3 20.Bc1 Bd4 21.Ne2
Ne5 22.f3 Re7 23.Qd1 Bxe3+ 24.Rxe3 Rbe8 25.g4 Nf6 26.Nf4 Qh6 27.Rc3 g5 {
...1-0, Anand Viswanathan 2770 - Hernandez Gilberto 2547 , Mirabal 2001 It
(active) } ) 8...Re8 { ? } ( 8...Na6 9.O-O Nc7 10.a4 Re8 11.Kh1 Rb8 12.f3 a6
13.a5 exd5 14.cxd5 Bd7 15.Nc4 Bb5 16.Na4 Bxc4 17.Bxc4 Nb5 18.Bd2 Nd7 19.Rc1 b6
20.axb6 Nxb6 21.Ba5 Nxa4 22.Bxd8 Nxb2 23.Qd2 Rexd8 24.Qa5 Nd4 25.f4 Re8
26.Qxa6 Rb4 27.e5 dxe5 28.fxe5 { ...1/2-1/2, Topalov Veselin 2780 - Moldovan
Daniel 2446 , Kavala 1990 It "Balkaniada" (juniors) } ) 9.O-O exd5 10.cxd5
Nbd7 11.a4 a6 12.Qc2 { ?/= } 12...Rb8 ( 12...Ne5 13.Re1 Bg4 14.Bf1 Nh5 15.Ra3
Nf4 16.Nd1 Bd7 17.a5 f5 18.g3 Nh5 19.Ne3 fxe4 20.Bg2 Nd3 21.Rd1 Nf6 22.Nxe4
Nxc1 23.Nxd6 Ne2+ 24.Qxe2 Bg4 25.Qc4 Bxd1 26.Nxe8 Nxe8 27.Nxd1 Bd4 28.Qe2 Nd6
29.Nc3 Kg7 30.Ra1 Qf6 31.Ne4 Re8 32.Qc2 { ...0-1, Wang Yue 2644 - Jobava
Baadur 2650 , Taiyuan 22. 7.2006 It (sheveningen) } ) 13.a5 ( 13.Ra3 Qc7 14.a5
b5 15.axb6 Nxb6 16.Bxa6 Bxa6 17.Rxa6 c4 18.Ndb1 Qb7 19.Ra5 Nbd7 20.Na3 Nc5
21.Rb5 Qa6 22.Nxc4 Rxb5 23.Nxb5 Qxb5 24.Nxd6 Qd3 25.Qxd3 Nxd3 26.Nxe8 Nxe8
27.Rd1 Nc5 28.d6 Nd7 29.b4 Bc3 30.b5 f6 31.b6 Kf7 32.b7 Ke6 { ...1-0, Ionov
Sergey 2544 - Nizamov Ildar 2394 , Tomsk 2001 Ch Russia (club) } ) 13...b5
14.axb6 Nxb6 15.Nb3 ( 15.Ra3 Nfxd5 16.exd5 Bxc3 17.bxc3 Rxe2 18.c4 Qe8 19.Rc3
Bf5 20.Qd1 Bd7 21.Re3 Rxe3 22.fxe3 Qxe3+ 23.Kh1 Re8 24.Qc2 Bf5 25.Qb2 Nd7
26.Rg1 Qf2 27.h3 Bxh3 28.Qc3 Bxg2+ 29.Rxg2 Re1+ 30.Kh2 Qh4+ 31.Qh3 Rh1+ { 0-1,
Sumets Andrey 2523 - Hagarova Zuzana 2389 , Pardubice 27. 7.2006 It (open) } )
15...Ra8 ( 15...c4 16.Na5 Qc7 17.Be3 Nfd7 18.h3 Bb7 19.Nxb7 Qxb7 20.Ra2 Rec8
21.Rfa1 Ra8 22.Ra5 Ne5 23.R5a2 Ned7 24.Bg4 Re8 25.Bf4 Be5 26.Bxe5 Nxe5 27.Be2
Nbd7 28.f4 Nd3 29.Bxd3 cxd3 30.Qxd3 Nc5 31.Qf3 Qb4 32.Re1 Re7 33.f5 Nd7 34.Kh2
Qd4 35.Rf1 { ...1/2-1/2, Dautov Rustem 2445 - Chudinovskikh Alexander M 2389 ,
Sverdlovsk 1987 Ch Armed Forces } ) 16.Bg5 { +0.37 CAP N } ( 16.Na5 Qc7 17.Bf4
Nfd7 18.Nc6 Nb8 19.Na5 f5 20.f3 fxe4 21.fxe4 N8d7 22.Bg4 Ne5 23.Bxc8 Rexc8
24.Kh1 Nbd7 25.Ne2 Rf8 26.Bd2 Qb6 27.Nf4 Qb5 28.Qb3 Qxb3 29.Nxb3 Rab8 30.Na5
Rxb2 31.Bc3 Rc2 32.Nb7 Rxc3 33.Nxd6 Nc4 34.Ne2 { 0-1, Hadjiyiannis C 2166 -
Grivas Efstratios 2509 , Haifa 1989 Ch Europe (team) } ) 16...Qc7 17.Na5 Nbd7
18.Bf4 Ne5 19.Bg3 Nh5 20.Bxh5 gxh5 21.Bxe5 Bxe5 22.Nc4 Bg7 23.f4 Rb8 24.Rae1
Rb4 25.Na2 Rxc4 26.Qxc4 Bxb2 27.e5 Bd4+ 28.Kh1 dxe5 29.fxe5 Qb6 30.Nc1 Qb5
31.Qc2 Rxe5 32.Ne2 Qe8 33.Qd2 Be3 34.Qc3 h4 35.Ng1 Re4 36.Qf6 Qe7 { ? } (
36...h6 37.Nh3 Bxh3 38.gxh3 Bg5 39.Rxe4 Qxe4+ 40.Qf3 Qe8 41.d6 c4 42.Qd5 c3
43.d7 Qe7 { } ) 37.d6 Qxf6 38.Rxf6 Re5 39.Rf3 Bd4 40.Rxe5 Bxe5 41.Re3 f6
42.Nf3 h3 43.Nxe5 hxg2+ 44.Kxg2 fxe5 45.Rxe5 Kf7 46.Kg3 Kf6 47.Kf4 h5 48.Rxc5
Bg4 49.Re5 a5 50.Ke4 a4 51.Kd4 h4 52.Re3 { } {#r} 1-0

[Event "Ch Russia (juniors) (under 16) (1 league)"]
[Site "masterchessopen.com - Dagomys (Russia)"]
[Round "6"]
[White "Orgaev Valery (RUS)"]
[Black "Barbarosh Evgeny (RUS)"]
[Result "0-1"]
[WhiteElo "1948"]
[BlackElo "2045"]

1.d4 c5 2.d5 g6 3.e4 Bg7 4.c4 d6 5.Nc3 Nf6 6.Nf3 O-O 7.Be2 e6 8.O-O exd5
9.cxd5 Re8 10.Nd2 a6 11.a4 b6 12.f4 Ra7 13.Bf3 Rae7 14.Nc4 Nh5 15.g4 Bd4+
16.Kh1 Nf6 17.Be3 Bxc3 18.bxc3 Nxe4 19.Qb3 Nf6 20.Bf2 Bxg4 21.Bxg4 Nxg4 22.Bh4
f6 23.h3 Ne3 24.Bxf6 Qd7 25.Rf3 Nxc4 26.Qxc4 Re4 27.Qd3 Qf5 28.Bg5 c4 29.Qb1
Qxd5 30.Qf1 Re3 31.Kg2 Rxc3 32.Rd1 Qxf3+ 33.Qxf3 Rxf3 34.Kxf3 c3 35.Rc1 Rc8
36.Ke4 b5 37.axb5 axb5 {#R} 0-1

[Event "Czech League 2007/08 (2nd) (c)"]
[Site "masterchessopen.com - Czech Republic"]
[Date "2008.04.06"]
[Round "11"]
[White "Juptner Jan (CZE)"]
[Black "Ringel Zbynek (CZE)"]
[Result "1-0"]
[WhiteElo "2332"]
[BlackElo "2231"]

1.d4 Nf6 2.c4 c5 3.d5 d6 4.Nc3 g6 5.e4 Bg7 6.Nf3 O-O 7.Nd2 e6 8.Be2 exd5
9.cxd5 Re8 10.O-O a6 11.a4 Nbd7 12.Qc2 Qe7 13.Ra3 Ne5 14.a5 g5 15.Re1 h5
16.Nf1 g4 17.Nd1 Bd7 18.Nde3 Rab8 19.Ng3 Qf8 20.Ngf5 Ng6 21.Nxg7 Qxg7 22.Nc4
Nxe4 23.Bd3 Nf6 24.Rxe8+ Rxe8 25.Bd2 Nxd5 26.Nxd6 Re6 27.Nxb7 Ndf4 28.Bf1 Bc6
29.Nxc5 Re8 30.Nxa6 Bf3 31.gxf3 {#r} 1-0

[Event "It (cat.10)"]
[Site "masterchessopen.com - Gyumri (Armenia)"]
[Date "2008.04.28"]
[Round "4"]
[White "Bagaturov Giorgi (GEO)"]
[Black "Zubarev Alexander (UKR)"]
[Result "0-1"]
[WhiteElo "2488"]
[BlackElo "2546"]

{ Bagaturov Giorgi (GEO) +1 =0 -0 } 1.d4 Nf6 2.c4 e6 3.Nf3 c5 4.d5 exd5 5.cxd5
d6 6.Nc3 g6 7.Nd2 Bg7 8.e4 O-O 9.Be2 Re8 10.O-O Nbd7 11.a4 Ne5 { = } 12.Ra3 (
12.Re1 Nfg4 13.h3 Nxf2 14.Kxf2 Qh4+ 15.Kg1 Bxh3 16.Nf1 Ng4 17.g3 Qh5 18.Bxg4
Bxg4 19.Qc2 Bf3 20.Qh2 Qg4 21.Qh4 Qxh4 22.gxh4 Bxc3 23.bxc3 Bxe4 24.Bf4 Bxd5
25.Bxd6 b6 26.a5 Rxe1 27.Rxe1 Be6 28.Rb1 Bf5 29.Rb2 bxa5 30.Bxc5 Be6 31.Rb5 h6
{ ...1-0, Bagaturov Giorgi 2540 - Hall Jesper 2485 , Elista 1998 Olympiad } )
( 12.Qc2 g5 13.Ra3 Qe7 14.a5 h6 15.Nd1 Bd7 16.Nc3 Rf8 17.Bb5 Bc8 18.Nd1 Nh5
19.Ne3 a6 20.Be2 Nf4 21.Bd1 f5 22.exf5 Qf7 23.Ne4 Rd8 24.g4 Nxd5 25.Nxd5 Qxd5
26.h4 b5 27.hxg5 hxg5 28.Bxg5 Bb7 29.Bxd8 Rxd8 30.Re3 Nc4 31.Ree1 Qd4 {
...1-0, Gelfand Boris 2713 - Hall Jesper 2476 , Malme 1999 It (cat.16) } )
12...g5 ( 12...Qe7 13.Qc2 Nh5 14.Bxh5 gxh5 15.Nd1 Bd7 16.Ne3 Rad8 17.Nf5 Bxf5
18.exf5 Ng4 19.h3 Nf6 20.Nc4 Qe4 21.Qxe4 Rxe4 22.Na5 Rd7 23.Rd1 Nxd5 24.Rxd5
Re1+ 25.Kh2 Rxc1 26.Rb3 h4 27.Rxb7 Rxb7 28.Nxb7 Be5+ 29.g3 Rc2 30.Kg1 hxg3
31.fxg3 Rxb2 32.Nxd6 { ...0-1, Szymczak Zbigniew 2420 - Ornstein Axel 2450 ,
Oslo 1983 It (open) } ) 13.Qc2 h6 { +0.33 CAP } ( 13...g4 14.Nd1 Nh5 15.Ne3
Nf4 16.Bd1 b6 17.Ndc4 Nxc4 18.Nxc4 Ng6 19.Ne3 Qe7 20.Nf5 Qxe4 21.Re3 Bxf5
22.Rxe4 Bxe4 23.Qb3 c4 24.Qb4 Bd3 25.Bxg4 Ne5 26.Rd1 Nxg4 27.h3 Ne5 28.Be3 Ng6
29.b3 Bc2 30.bxc4 Bxd1 31.Qxd6 Bxa4 32.g3 Rac8 33.Qb4 { ...0-1, Antunac Goran
2435 - Gruenfeld Yehuda 2515 , New York 1981 } ) ( 13...a6 14.Nd1 Bd7 15.a5 g4
16.Ne3 Qe7 17.f4 gxf3 18.gxf3 Kh8 19.Kh1 Rg8 20.f4 Neg4 21.Nxg4 Nxg4 22.Bxg4
Bxg4 23.f5 Bd4 24.Nc4 Rae8 25.e5 Bxe5 26.b4 Bd4 27.Re3 Bxe3 28.Nxe3 f6 29.Bb2
Qxe3 30.Bxf6+ Rg7 31.Qg2 Qe4 32.bxc5 Qxg2+ 33.Kxg2 { ...0-1, Berczes David
2430 - Bluvshtein Mark 2544 , Budapest 5. 6.2007 It (cat.8) } ) ( 13...Qe7
14.Re1 Nfg4 15.Nf1 Ng6 16.Ne3 Nxe3 17.Bxe3 Rf8 18.Qd2 h6 19.Bf1 Ne5 20.f3 f5
21.exf5 Bxf5 22.Bf2 Qf6 23.Ne4 Qg6 24.b4 b6 25.Bg3 g4 26.bxc5 bxc5 27.Nxd6
Qxd6 28.Rae3 Rae8 29.Qe2 gxf3 30.gxf3 Qg6 31.Bg2 Nxf3+ 32.Qxf3 Bd4 33.Bf2 {
...0-1, Georgiev Kiril 2662 - Lalev Dimitar 2412 , Sofia 1982 Ch Bulgaria } )
( 13...Nfd7 14.Nd1 Nf8 15.f3 Nfg6 16.g3 Kh8 17.Ne3 h5 18.Nf5 h4 19.Nxg7 Kxg7
20.Rf2 hxg3 21.hxg3 Rh8 22.Nf1 Rh3 23.Rg2 Qh8 24.Nh2 f6 25.f4 Nf7 26.Rf3 Bd7
27.b3 Rg8 28.Bb2 gxf4 29.gxf4 Kf8 30.f5 Nf4 31.Rxf4 Rxg2+ 32.Kxg2 Rxh2+ 33.Kf1
{ ...0-1, Sigulski - Suba Mihai 2580 , Bela Crkva 1986 It (open) } ) 14.a5 { N
} ( 14.Nd1 Nh7 ( 14...Bg4 15.Bxg4 Nexg4 16.f3 Ne5 17.Ne3 c4 18.Ndxc4 Rc8
19.Rc3 Nxc4 20.Rxc4 Rxc4 21.Qxc4 Qb6 22.Kh1 Kh7 23.Nf5 Bh8 24.Be3 Qd8 25.Bxa7
g4 26.Qc1 Ng8 27.Be3 h5 28.Bf4 Be5 29.fxg4 hxg4 30.Bxe5 Rxe5 31.Qf4 Qf6
32.Qxg4 Nh6 33.Qh3 Rxe4 { ...1-0, Rodriguez Lopez Rafael 2289 - Torres Samper
Rafael 2102 , Sanxenxo 3. 7.2006 It (open) } ) 15.Ne3 Nf8 16.Re1 Nfg6 17.Ndf1
Nh4 18.Ng3 Re7 19.Qd1 Qf8 20.Nh5 f5 21.g3 Nhg6 22.f4 gxf4 23.gxf4 Nxf4 24.Nxf4
fxe4 25.Nc4 Nxc4 26.Bxc4 Bd4+ 27.Kh1 Rg7 28.Qe2 Bf5 29.Ne6 Bxe6 30.dxe6 Qf5
31.Bxh6 Rg6 32.e7+ d5 33.Bb5 Kf7 { ...1-0, Kosteniuk Alexandra 2508 - Derieux
Christian 2159 , Biel 2003 It (open) } ) ( 14.Re1 Nfd7 15.Nf1 Nf8 16.Ng3 Nfg6
17.Nd1 Nh4 18.Nh5 Bh8 19.f4 Ng4 20.f5 Bd4+ 21.Kh1 Ne5 22.Rf1 Rf8 23.Ne3 Bd7
24.Nc4 Nxc4 25.Bxc4 Qe7 26.Be3 Bxa4 27.Qxa4 Qxe4 28.Rg1 Bxb2 29.Ng3 Qe7 30.Rb3
Be5 31.Bd3 Rfe8 32.Qg4 a6 33.Ne4 c4 { ...1-0, Banusz Tamas 2376 - Pilgaard Kim
2383 , Budapest 2003 It (cat.8) } ) 14...a6 15.b3 Bd7 16.Nc4 Qe7 17.Nb6 Rad8
18.Bd2 Ng6 19.Bd3 Nf4 20.Bxf4 gxf4 21.Qd2 { ?! } ( 21.f3 { !? } 21...Nh5
22.Ne2 Qg5 23.Nxd7 Rxd7 24.Qd2 Be5 25.b4 Rc8 26.Rc1 { } ) 21...f3 22.gxf3 Bh3
23.Ne2 Nh5 24.Ng3 Qf6 25.Nxh5 Qxf3 26.Nf4 Qg4+ 27.Kh1 Bxf1 28.Bxf1 Rxe4 29.Ng2
Rde8 30.Nc4 { ?! } ( 30.Qd3 { !? } 30...Qh5 31.Ra4 Rxa4 32.bxa4 Bd4 33.Qg3+
Kh8 34.Nf4 Qe5 35.Nd3 Qf5 36.Bh3 { } ) 30...Rd4 31.Qc2 Rd1 32.Nce3 Rxf1+
33.Nxf1 Re2 34.Nfe3 Rxc2 35.Nxg4 Rc1+ 36.Ne1 Rxe1+ 37.Kg2 Re2 38.Ra4 Rb2
39.Re4 f5 { } {#R} 0-1

[Event "Ch Austria"]
[Site "masterchessopen.com - Leoben (Austria)"]
[Date "2008.07.22"]
[Round "4"]
[White "Genser Harald (AUT)"]
[Black "Krebs Johann (AUT)"]
[Result "0-1"]
[WhiteElo "2315"]
[BlackElo "2234"]

1.d4 Nf6 2.c4 c5 3.d5 d6 4.Nc3 g6 5.e4 Bg7 6.Nf3 O-O 7.Be2 e6 8.O-O exd5
9.cxd5 Re8 10.Nd2 Nbd7 11.a4 Ne5 12.Qc2 g5 13.Ra3 a6 14.Re1 Ng6 15.g3 Ng4
16.Nf3 h6 17.Bf1 N6e5 18.Nxe5 Nxe5 19.Nd1 f5 20.f4 Ng6 21.fxg5 hxg5 22.Bg2 f4
23.Rf1 Bd4+ 24.Kh1 Qf6 25.Bd2 Bd7 26.Bc3 b5 27.Bxd4 Qxd4 28.gxf4 gxf4 29.e5
Nxe5 30.Rg1 Kh8 31.Qe2 Bg4 32.Rh3+ Kg7 33.Qc2 Rh8 34.Nf2 Kf6 35.Nxg4+ Nxg4
36.Rf1 Rxh3 37.Bxh3 Ne3 38.Qf2 Qxd5+ 39.Bg2 Qxg2+ {#R} 0-1

[Event "It (open)"]
[Site "masterchessopen.com - Pardubice (Czech Republic)"]
[Date "2008.07.24"]
[Round "7"]
[White "Haba Petr (CZE)"]
[Black "Pena Gomez Manuel (ESP)"]
[Result "0-1"]
[WhiteElo "2546"]
[BlackElo "2467"]

1.d4 Nf6 2.c4 c5 3.d5 e6 4.Nc3 exd5 5.cxd5 d6 6.Nf3 g6 7.Nd2 Bg7 8.e4 O-O
9.Be2 Re8 10.O-O Nbd7 11.a4 Ne5 12.Ra3 c4 13.Qc2 Qe7 14.Nxc4 Nxc4 15.Bxc4 Ng4
16.Bb5 Bd7 17.Bxd7 Qxd7 18.h3 Ne5 19.a5 Rac8 20.a6 b6 21.Rd1 Nc4 22.Rb3 Rc5
23.Rb4 Qc8 24.Qa4 Bxc3 25.bxc3 Rxe4 26.Qc2 Qf5 27.Kh2 Rxd5 28.Rxd5 Qxd5 29.Bh6
Qe5+ 30.f4 Qe6 31.Qd3 d5 32.Rb5 Ne3 33.c4 Rxc4 34.Rxd5 Qxd5 35.Qxe3 Qe6 36.Qf3
Qc6 37.Qd3 Re4 38.Qd8+ Re8 39.Qd4 f6 40.Qd3 Kf7 41.Qb3+ Qe6 42.Qf3 Re7 43.Qa8
g5 44.Qh8 Kg6 45.Bf8 Rd7 46.f5+ Kxf5 {#R} 0-1

[Event "Ch Spain (juniors) (under 18)"]
[Site "masterchessopen.com - Padrun (Spain)"]
[Round "7"]
[White "Rubio Mejia Luis Ignacio (ESP)"]
[Black "Galan Martin Pedro Juan (ESP)"]
[Result "1-0"]
[WhiteElo "2359"]
[BlackElo "2104"]

1.d4 e6 2.c4 c5 3.d5 exd5 4.cxd5 d6 5.Nc3 g6 6.e4 Bg7 7.Nf3 Nf6 8.Nd2 O-O
9.Be2 Re8 10.O-O Nbd7 11.Qc2 a6 12.a4 Qc7 13.b3 Ne5 14.Bb2 Bd7 15.h3 g5 16.a5
Ng6 17.Rfe1 Nf4 18.Bf1 g4 19.hxg4 Nxg4 20.Nf3 Ne5 21.Re3 Ng4 22.Ree1 Ne5
23.Nxe5 Bxe5 24.Re3 Kh8 25.Ne2 Nxe2+ 26.Bxe2 Qd8 27.Bxe5+ dxe5 28.Qxc5 Qf6
29.Rf3 Qg6 30.Rg3 Qf6 31.Qe3 Rac8 32.Rc1 Rxc1+ 33.Qxc1 Rc8 34.Rc3 Rg8 35.Qe3
Qg6 36.Qf3 f5 37.Bd3 f4 38.Be2 Qg5 39.Rc7 Be8 40.Qh3 Bg6 41.Bf3 Qd8 42.Qd7 Qg5
43.Qe7 h6 44.Rxb7 Rc8 45.Qg7# 1-0

[Event "Ch Russia (club) (juniors) (under 18)"]
[Site "masterchessopen.com - Rybinsk (Russia)"]
[Date "2008.08.05"]
[Round "4"]
[White "Nelyubin Grigory (RUS)"]
[Black "Ustinov Alexey (RUS)"]
[Result "1-0"]
[WhiteElo "2065"]
[BlackElo "2067"]

1.d4 Nf6 2.c4 c5 3.d5 e6 4.Nc3 exd5 5.cxd5 d6 6.Nf3 g6 7.Nd2 Bg7 8.e4 O-O
9.Be2 Re8 10.O-O Nbd7 11.Qc2 a6 12.a4 Rb8 13.a5 Qe7 14.f4 h6 15.Bd3 g5 16.e5
Ng4 17.Nde4 gxf4 18.exd6 Bd4+ 19.Kh1 Qh4 20.Bxf4 f5 21.Rf3 fxe4 22.Nxe4 Rxe4
23.Bxe4 Nf2+ 24.Rxf2 Qxf2 25.Bh7+ Kh8 26.Qg6 Nf6 27.Bxh6 Nxh7 28.Qe8+ Nf8
29.d7 Bxd7 30.Qxb8 Bxb2 31.Bxf8 Kh7 32.Rb1 Qf5 33.Re1 Qxd5 34.Re7+ Kg6 35.Qg3+
Kf5 36.Rxd7 {#r} 1-0

[Event "Ch Argentina (w)"]
[Site "masterchessopen.com - Buenos Aires (Argentina)"]
[Date "2008.10.03"]
[Round "8"]
[White "Fernandez Maria (ARG)"]
[Black "Plazaola Maria De Los Angeles (ARG)"]
[Result "0-1"]
[WhiteElo "2037"]
[BlackElo "2126"]

1.d4 Nf6 2.c4 c5 3.d5 e6 4.Nc3 exd5 5.cxd5 d6 6.e4 g6 7.Be2 Bg7 8.Nf3 O-O
9.O-O Re8 10.Nd2 a6 11.a4 Nbd7 12.f3 b6 13.Nc4 Ne5 14.Rb1 Qc7 15.Be3 Nxc4
16.Bxc4 Nd7 17.Qd2 Ne5 18.b3 Rb8 19.Rfc1 Qd7 20.Bf1 b5 21.axb5 axb5 22.b4 c4
23.Ra1 Re7 24.Ra5 Qe8 25.Rc2 f5 26.Rca2 Rf7 27.Bd4 f4 28.Ra7 Bd7 29.R2a6 Qe7
30.Ra5 Qf6 31.Ne2 Qg5 32.Bxe5 Qxe5 33.Rc7 g5 34.Raa7 Be8 35.g3 Rxc7 36.Rxc7
Bf6 37.Bh3 Bf7 38.Bf5 Bd8 39.Rd7 h6 40.Be6 Bb6+ 41.Kg2 Rf8 42.Rb7 Be3 43.Qc2
Bxe6 44.dxe6 Qxe6 45.Rxb5 g4 46.Nxf4 gxf3+ 47.Kf1 Rxf4 48.Rb8+ Rf8 49.Rxf8+
Kxf8 50.Qd1 Qh3+ 51.Ke1 f2+ 52.Ke2 f1=Q+ {#R} 0-1

[Event "It (open)"]
[Site "masterchessopen.com - Hoogeveen (Netherlands)"]
[Date "2008.10.19"]
[Round "3"]
[White "Miedema Roi (NED)"]
[Black "Van Apeldoorn Janton (NED)"]
[Result "0-1"]
[WhiteElo "2307"]
[BlackElo "2188"]

1.d4 Nf6 2.c4 c5 3.d5 d6 4.Nc3 g6 5.Nf3 Bg7 6.e4 O-O 7.Be2 e6 8.Nd2 exd5
9.cxd5 Re8 10.O-O Nbd7 11.a4 Ne5 12.Qc2 a6 13.Ra3 Rb8 14.a5 h6 15.f4 Neg4
16.Nc4 Nh5 17.g3 Bd4+ 18.Kg2 Ngf6 19.Bxh5 Nxh5 20.Rb3 b5 21.axb6 f5 22.Na5
Rxb6 23.Nc6 Qc7 24.Rxb6 Qxb6 25.Qa4 Bxc3 26.e5 Bxb2 27.exd6 Bxc1 28.Ne5 Nf6
29.d7 Bxd7 30.Nxd7 Nxd7 31.Qxd7 Rd8 32.Qe7 Ba3 33.Qh4 Qd6 34.Qxh6 Qxd5+ 35.Rf3
Qe6 36.Kh3 Rd7 37.Qg5 Rh7+ 38.Kg2 Qe2+ 39.Rf2 Rxh2+ 40.Kxh2 Qxf2+ 41.Kh1 Qe1+
42.Kh2 Qe2+ 43.Kh1 Qh5+ {#R} 0-1

[Event "It (open)"]
[Site "masterchessopen.com - Bad Wiessee (Germany)"]
[Date "2008.11.02"]
[Round "2"]
[White "Meister Peter (GER)"]
[Black "Meyer Hartmut (GER)"]
[Result "1-0"]
[WhiteElo "2388"]
[BlackElo "2116"]

1.d4 Nf6 2.c4 e6 3.Nf3 c5 4.d5 exd5 5.cxd5 d6 6.Nc3 g6 7.Nd2 Bg7 8.e4 O-O
9.Be2 Re8 10.O-O Nbd7 11.Qc2 Ne5 12.a4 g5 13.Nc4 Nxc4 14.Bxc4 Ng4 15.Ne2 Bd7
16.Ra3 Ne5 17.Bb5 g4 18.Bxd7 Qxd7 19.Ng3 Kh8 20.Nf5 Bf6 21.h3 Rg8 22.hxg4 Rxg4
23.f4 Ng6 24.Qd1 h5 25.Rg3 {#r} 1-0

[Event "It (open)"]
[Site "masterchessopen.com - Wolvega (Netherlands)"]
[Date "2008.11.30"]
[Round "8"]
[White "Haijtema Siebolt (NED)"]
[Black "Hazenberg Frans (NED)"]
[Result "0-1"]
[WhiteElo "1885"]
[BlackElo "1982"]

1.d4 Nf6 2.c4 e6 3.Nf3 c5 4.d5 exd5 5.cxd5 d6 6.Nc3 g6 7.e4 Bg7 8.Be2 O-O
9.O-O Re8 10.Nd2 a6 11.a4 Nbd7 12.Qc2 Rb8 13.Nc4 Nb6 14.Bf4 Nxc4 15.Bxc4 Nh5
16.Be3 f5 17.f3 f4 18.Bf2 Qg5 19.Kh1 Ng3+ 20.Bxg3 fxg3 21.Ne2 gxh2 22.f4 Qh5
23.a5 b5 24.axb6 Rxb6 25.Ra2 Bg4 26.Ng3 Qh4 27.Qa4 Reb8 28.Qa3 Rxb2 29.Rxb2
Rxb2 30.e5 Rxg2 31.Kxg2 Bh3+ 32.Kh1 Bxf1 33.Nxf1 Qxf4 34.Bxa6 Qe4+ 35.Kxh2
Bxe5+ 36.Ng3 h5 37.Kh3 Qg4+ 38.Kg2 h4 {#R} 0-1

[Event "Ch Asia (juniors)"]
[Site "masterchessopen.com - Chennai (India)"]
[Date "2008.12.07"]
[Round "2"]
[White "Karthikeyan P (IND)"]
[Black "Saravana Krishnan P (IND)"]
[Result "1-0"]
[WhiteElo "2426"]
[BlackElo "2262"]

1.d4 Nf6 2.c4 c5 3.d5 e6 4.Nf3 exd5 5.cxd5 d6 6.Nc3 g6 7.Nd2 Bg7 8.e4 O-O
9.Be2 Re8 10.O-O Nbd7 11.a4 Ne5 12.Re1 Nfg4 13.Nf1 g5 14.Ng3 Qf6 15.Rf1 Qg6
16.h3 Nf6 17.Nb5 Rd8 18.f4 gxf4 19.Bxf4 Bh6 20.Ra3 Bxf4 21.Rxf4 Qh6 22.Qf1 Ne8
23.Nh5 Bd7 24.Rg3+ Kf8 25.Na3 Ke7 26.Nc4 f6 27.Ne3 Qf8 28.Bb5 a6 29.Bxd7 Rxd7
30.b4 Rc8 31.b5 Ng6 32.Nf5+ Kd8 33.bxa6 bxa6 34.Rf2 Nc7 35.Ne3 Rf7 36.Qb1 Qe8
37.Nc4 Ke7 38.Qb6 Qd7 39.Ne3 Ne8 40.Qxa6 Rb8 41.Nf5+ Kf8 42.Nh6 Qb7 43.Qe2 Re7
44.Nf5 Qb1+ 45.Rf1 Rxe4 46.Qd2 Qb7 47.Qh6+ Kg8 48.Rxg6+ hxg6 49.Qxg6+ Kh8
50.Nh6 Qxd5 51.Nf7+ Qxf7 52.Qxf7 {#r} 1-0

[Event "Ch Ukraine"]
[Site "masterchessopen.com - Poltava (Ukraine)"]
[Date "2008.12.10"]
[Round "9"]
[White "Drozdovskij Yuri (UKR)"]
[Black "Kononenko Dmitry_ (UKR)"]
[Result "1-0"]
[WhiteElo "2587"]
[BlackElo "2527"]

1.d4 Nf6 2.c4 c5 3.d5 e6 4.Nc3 exd5 5.cxd5 d6 6.Nf3 g6 7.Nd2 Bg7 8.e4 O-O
9.Be2 Re8 10.O-O Nbd7 11.a4 Ne5 12.Re1 g5 13.Nf1 h6 14.Ng3 Ng6 15.Qc2 a6
16.Bd2 Rb8 17.Nd1 b5 18.axb5 axb5 19.Ne3 Nh4 20.Ra3 Bd7 21.Rea1 Rb7 22.Ra6 Qb8
23.Bc3 b4 24.Bd2 Bf8 25.b3 Rb6 26.Nc4 Rxa6 27.Rxa6 Ng6 28.f3 Bc8 29.Ra5 Ne5
30.Nxe5 Rxe5 31.Qa2 Qb6 32.Bc4 Re8 33.Ra7 Bg7 34.Bc1 Nh7 35.Qa4 Rd8 36.Ra8 Bd7
37.Qa6 Qc7 38.Rxd8+ Qxd8 39.Qxd6 Qe8 40.Qxc5 Qe5 41.Ne2 f5 42.exf5 Bxf5 43.d6+
Kh8 44.Be3 Qa1+ 45.Kf2 {#r} 1-0

[Event "Memorial Mirko Srajber (cat.9)"]
[Site "masterchessopen.com - Subotica (Serbia)"]
[Date "2008.12.19"]
[Round "3"]
[White "Markus Robert (SRB)"]
[Black "Manolache Marius (ROM)"]
[Result "0-1"]
[WhiteElo "2616"]
[BlackElo "2494"]

1.d4 Nf6 2.c4 g6 3.Nc3 Bg7 4.e4 d6 5.Nf3 O-O 6.Be2 c5 7.d5 e6 8.O-O exd5
9.cxd5 Re8 10.Nd2 b6 11.f3 Nh5 12.Nc4 Ba6 13.g4 Bd4+ 14.Kh1 Ng7 15.a4 Bxc4
16.Bxc4 a6 17.Bf4 Nd7 18.Qd2 Ne5 19.Bb3 h5 20.g5 h4 21.Be3 Qe7 22.Bxd4 cxd4
23.Qxd4 b5 24.f4 b4 25.fxe5 bxc3 26.e6 cxb2 27.Qxb2 fxe6 28.dxe6 Qxg5 29.Rf7
Qe5 30.Qxe5 dxe5 31.Rg1 Kh7 32.Rf6 Nh5 33.Rf7+ Kh6 34.Rc1 Nf4 35.Bd5 Rad8
36.Rd7 Rb8 37.e7 Kg7 38.a5 Kf6 39.Rc6+ Kg5 40.Rb6 Rec8 41.h3 Rc1+ 42.Kh2 Rc2+
43.Kg1 Nxh3+ 44.Kf1 Re8 45.Ke1 Nf4 46.Kd1 Rf2 {#R} 0-1

[Event "Landesliga Bayern North 2008/09"]
[Site "masterchessopen.com - Bayern (Germany)"]
[Date "2009.01.18"]
[Round "5"]
[White "Zuehlke Burkhard Dr (GER)"]
[Black "Brumm Carsten Dr (GER)"]
[Result "1-0"]
[WhiteElo "2106"]
[BlackElo "2242"]

1.d4 Nf6 2.c4 c5 3.d5 e6 4.Nc3 exd5 5.cxd5 d6 6.e4 g6 7.Nf3 Bg7 8.Be2 O-O
9.Nd2 Re8 10.O-O a6 11.a4 b6 12.Qc2 Nbd7 13.h3 Rb8 14.Nc4 Ne5 15.Na3 Qc7 16.f4
Ned7 17.Kh1 Bb7 18.Nc4 Ba8 19.Bf3 Nh5 20.Bxh5 gxh5 21.Ne3 Nf8 22.Nf5 Bf6 23.e5
Be7 24.Nh6+ Kg7 25.f5 dxe5 26.f6+ Bxf6 27.Rxf6 Kxf6 28.Qf5+ Kg7 29.Bg5 Ng6
30.Qf6+ Kf8 31.Nf5 Red8 32.Ne4 Ke8 33.Ng7+ Kd7 34.Qf5# 1-0

[Event "Ch Finland (team) 2008/09"]
[Site "masterchessopen.com - Helsinki (Finland)"]
[Date "2009.03.14"]
[Round "8"]
[White "Kanko Ilkka (FIN)"]
[Black "Kosmo Santul (FIN)"]
[Result "0-1"]
[WhiteElo "2246"]
[BlackElo "2214"]

1.d4 e6 2.c4 c5 3.d5 Nf6 4.Nc3 exd5 5.cxd5 d6 6.Nf3 g6 7.Nd2 Bg7 8.e4 O-O
9.Be2 Re8 10.O-O Nbd7 11.f4 Qe7 12.Kh1 Nb6 13.a4 Nfxd5 14.Nxd5 Nxd5 15.Nc4 Bd4
16.exd5 Qxe2 17.Qxe2 Rxe2 18.Nxd6 Bf5 19.Nxf5 gxf5 20.Ra3 Rae8 21.Rg3+ Kf8
22.b3 Ke7 23.Rd3 Kd6 24.h3 Re1 25.Rd1 Rxf1+ 26.Rxf1 Bc3 27.g4 Re1 28.Rxe1 Bxe1
29.Kg2 Kxd5 30.Kf3 Kd4 31.Be3+ Kc3 32.a5 Kxb3 33.Bxc5 a6 34.gxf5 Bxa5 35.Ke4
Bb4 36.Bd4 a5 37.Ke5 a4 38.Kf6 Bc3 39.Bxc3 Kxc3 40.Kxf7 a3 41.f6 a2 42.Kg8
a1=Q 43.f7 Qa8+ 44.f8=Q Qxf8+ 45.Kxf8 Kd4 46.Kg7 Ke4 47.Kxh7 Kxf4 48.Kg6 b5
49.h4 b4 50.h5 b3 51.h6 b2 52.h7 b1=Q+ 53.Kg7 Qb7+ 54.Kg8 Kg5 {#R} 0-1

[Event "Ch Russia (club) (high league)"]
[Site "masterchessopen.com - Dagomys (Russia)"]
[Date "2009.04.05"]
[Round "4"]
[White "Drozdovskij Yuri (UKR)"]
[Black "Kononenko Dmitry_ (UKR)"]
[Result "1-0"]
[WhiteElo "2620"]
[BlackElo "2563"]

1.d4 Nf6 2.c4 c5 3.d5 e6 4.Nc3 exd5 5.cxd5 d6 6.Nf3 g6 7.Nd2 Bg7 8.e4 O-O
9.Be2 Re8 10.O-O Nbd7 11.a4 Ne5 12.Re1 g5 13.Nf1 h6 14.Ng3 Ng6 15.Qc2 Nf4
16.Bb5 Re7 17.Bd2 Ng4 18.Nd1 Bd4 19.h3 Ne5 20.Ne3 Bxe3 21.fxe3 Nfg6 22.Rf1 Bd7
23.Bc3 a5 24.Bxd7 Rxd7 25.Nh5 b6 26.Qe2 Raa7 27.Nf6+ Kg7 28.Qh5 Qf8 29.Rf5 Re7
30.Raf1 Qh8 31.Ng4 Rad7 32.Rf6 Re8 33.R1f5 Ree7 34.Nxe5 Rxe5 35.Rxe5 dxe5
36.Rxb6 Qd8 37.Rc6 Rd6 38.Bxa5 Qd7 39.Rxd6 Qxd6 40.Bc3 Nf8 41.Qe2 Qg6 42.Bxe5+
f6 43.Bc3 Qxe4 44.Qf3 Qe7 45.e4 Ng6 46.Qf5 c4 47.Kh1 Nf4 48.e5 Qc5 49.Qxf6+
Kg8 50.e6 {#r} 1-0

[Event "It (open)"]
[Site "masterchessopen.com - Lenk (Switzerland)"]
[Date "2009.04.09"]
[Round "1"]
[White "Steenhuis Jan (SUI)"]
[Black "Burnier David (SUI)"]
[Result "0-1"]
[WhiteElo "2007"]
[BlackElo "2300"]

1.d4 Nf6 2.c4 c5 3.d5 e6 4.Nc3 exd5 5.cxd5 d6 6.e4 g6 7.Nf3 Bg7 8.Be2 O-O
9.O-O Re8 10.Nd2 Nbd7 11.f4 c4 12.Bxc4 Nc5 13.Qf3 Bg4 14.Qg3 Ncxe4 15.Ncxe4
Nxe4 16.Nxe4 Rxe4 17.Bd3 Rd4 18.h3 Bd7 19.Kh1 Qb6 20.Bc2 Rxd5 21.f5 Rc8
22.fxg6 hxg6 23.Bb3 Rf5 24.Be3 Qb5 25.Rfd1 d5 26.Bd4 a5 27.Bxg7 Kxg7 28.Qd6
Be6 29.Rd4 Rc6 30.Qb8 Rc8 31.Qd6 Rh8 32.Kh2 Qe2 33.Qg3 Rxh3+ 34.Qxh3 Qe5+ {#R}
0-1